Normal view
MARC view
- Zaidī, Nuṣrat.
Entry Personal Name
001 - CONTROL NUMBER
- control field: 3137
003 - CONTROL NUMBER IDENTIFIER
- control field: NUST
005 - DATE AND TIME OF LATEST TRANSACTION
- control field: 20170703113603.0
008 - FIXED-LENGTH DATA ELEMENTS
- fixed length control field: 170703|| aca||aabn | a|a d
040 ## - CATALOGING SOURCE
- Original cataloging agency: NUST
- Transcribing agency: NUST
100 ## - HEADING--PERSONAL NAME
- Personal name: Zaidī, Nuṣrat.
670 ## - SOURCE DATA FOUND
- Source citation: Work cat.: (NUST)0: Zaidī, Muṣt̤afā, 1930-1970. 1988, Harf -e Qudus /, 2009.
